000 00419nam a2200181Ia 4500
001 871
005 20260306140550.0
008 260306t1992||||xx |||||||||||||| ||spa||
041 _aESP
082 _a170.6
_bB12
100 _aBacigalupo, Luis E.
_eAUT
245 0 _aIntención y conciencia en la ética de Abelardo
260 _c1992
300 _a
_c
650 _aGEN
654 _aCHU
942 _cLIB
_dJUS
_fJUS
_2ddc
_n
999 _c871
_d871